000 00315pab a2200145 454500
008 180718b1983 xxu||||| |||| 00| 0 eng d
100 _aGutto, S.B.O.
245 _aCaptivity of the press
260 _c1983
300 _a31-41
362 _aJan.
650 _aPress
773 _aMonthly Review
909 _a15996
999 _c15996
_d15996